NBA: Most Free Throws Made (2020-2021 Season) - Statistics

General Stats
  • This quiz has been taken 72 times
    46 since last reset
  • The average score is 35 of 50
Answer Stats
# Player FTs % Correct
34 Kevin Durant 210
100%
20 James Harden 278
97%
2 Joel Embiid 471
97%
45 LeBron James 178
97%
38 Kyrie Irving 201
95%
12 Nikola Jokić 342
95%
8 Stephen Curry 362
95%
1 Trae Young 484
95%
5 Giannis Antetokounmpo 398
92%
3 Damian Lillard 449
89%
T23 Donovan Mitchell 267
89%
T49 Chris Paul 169
86%
13 Devin Booker 340
86%
11 Luka Dončić 344
86%
6 DeMar DeRozan 387
84%
41 Jaylen Brown 191
84%
16 Jayson Tatum 295
84%
T21 Russell Westbrook 271
84%
46 Ben Simmons 176
81%
4 Bradley Beal 408
78%
9 Jimmy Butler 359
78%
26 Zach LaVine 253
78%
10 Julius Randle 348
76%
25 Kawhi Leonard 261
76%
32 Khris Middleton 212
76%
39 Paul George 198
76%
7 Zion Williamson 369
76%
T23 Karl-Anthony Towns 267
73%
15 De'Aaron Fox 300
70%
28 Domantas Sabonis 240
70%
T21 Ja Morant 271
70%
19 Brandon Ingram 281
68%
43 Tobias Harris 182
65%
18 Bam Adebayo 283
62%
T30 Rudy Gobert 233
62%
T47 Andrew Wiggins 170
59%
27 Pascal Siakam 249
57%
T47 John Collins 170
51%
42 Shai Gilgeous-Alexander 185
51%
17 Jerami Grant 290
49%
33 Anthony Edwards 211
46%
T30 Bojan Bogdanović 233
46%
14 Collin Sexton 312
46%
T49 Fred VanVleet 169
46%
37 Jarrett Allen 204
46%
T35 RJ Barrett 206
46%
40 Harrison Barnes 195
41%
29 Norman Powell 236
27%
T35 Dennis Schröder 206
22%
44 Montrezl Harrell 181
22%
No matching quizzes found
Score Distribution
Percent of People with Each Score
Percentile by Number Answered
Your Score History
You have not taken this quiz since the last reset